Devine les célébrités - Statistiques

Statistiques générales
  • Ce quiz a été pris 78 fois
  • Le résultat moyen est 7 sur 16
Statistiques - réponses
Par images Réponse % Correct
Michou
100%
Mbappé
93%
Ed sheeran
89%
Inoxtag
83%
Mr beast
73%
François civil
63%
Fastgoodcuisine
54%
The weeknd
49%
Marshmello
42%
Hugoposé
34%
Warren zaïre-emery
24%
Dan reynolds
11%
Charlie haid
8%
Jace norman
8%
Mr savage
3%
Otto bhv
1%
Aucun quiz correspondant
Distribution des résultats
% des personnes avec chaque résultat
Percentile par nombre de réponses
Votre historique - résultats
Vous n’avez pas pris ce quiz